| 000 | 00494nam a2200181 a 4500 | ||
|---|---|---|---|
| 001 | 1769935627562 | ||
| 003 | YourLibrary | ||
| 005 | 20260201143129.0 | ||
| 008 | 260201s2009##################000#0#eng## | ||
| 020 | _a9789041127877 | ||
| 082 | 0 | 4 |
_a332.15 _bROB |
| 100 | 1 |
_aRobbé, Jan Job de Vries, _eauthor. |
|
| 245 | 1 | 0 | _aStructured Finance : |
| 260 |
_bKluwer Law International, _c2009. |
||
| 650 | 0 | _aAsset-backed financing. | |
| 942 | _cENGLISH | ||
| 040 |
_aYourLibrary _beng _cYourLibrary |
||
| 999 |
_c609685 _d609685 |
||